000 005480000a22001810004500
003 MACL
005 20160330160240.0
008 160330b xxu||||| |||| 00| 0 eng d
040 _aMACL
_cMACL
041 _aHindi
082 _a301
100 _aकमल एम.पी
_949030
245 _aबाल-शोषण के क्रूर कारनामे
260 _bस्‍नेह साहित्‍य सदन
_c2008
_aनई दिल्‍ली
350 _a250
650 _aSociology
_949031
942 _cHIN
_k300
_2ddc
999 _c41043
_d41043